|
|
|
|
| LEADER |
00000nam1a2200000 4500 |
| 001 |
285788 |
| 005 |
20231101235829.0 |
| 035 |
|
|
|a (RuTPU)RU\TPU\book\310064
|
| 090 |
|
|
|a 285788
|
| 100 |
|
|
|a 20150227d1985 k y0rusy5003 ca
|
| 101 |
0 |
|
|a rus
|
| 200 |
1 |
|
|a Радиоастрономические инструменты и исследования
|e сборник
|f Академия наук СССР (АН СССР), Физический институт им. П. Н. Лебедева (ФИАН) ; гл. ред. Н. Г. Басов ; отв. ред. А. Д. Кузьмин
|
| 210 |
|
|
|a Москва
|c Наука
|d 1985
|
| 215 |
|
|
|a 140 с.
|c ил.
|d 26 см
|
| 225 |
1 |
|
|a Труды физического института им. П. Н. Лебедева (ФИАН)
|v Т. 159
|
| 320 |
|
|
|a Библиография в конце статей
|
| 606 |
1 |
|
|a Радиоастрономия
|2 stltpush
|3 (RuTPU)RU\TPU\subj\22514
|9 47263
|
| 610 |
1 |
|
|a радиоастрономические инструменты
|
| 610 |
1 |
|
|a радиоастрономические исследования
|
| 610 |
1 |
|
|a радиотелескопы
|
| 610 |
1 |
|
|a антенны
|
| 610 |
1 |
|
|a конструирование
|
| 610 |
1 |
|
|a аппаратурное обеспечение
|
| 610 |
1 |
|
|a радиометры
|
| 610 |
1 |
|
|a разработка
|
| 610 |
1 |
|
|a создание
|
| 610 |
1 |
|
|a межпланетная среда
|
| 610 |
1 |
|
|a Юпитер
|
| 610 |
1 |
|
|a радиоизлучения
|
| 675 |
|
|
|a 520.2
|z rus
|v 4
|
| 702 |
|
1 |
|a Кузьмин
|b А. Д.
|g Аркадий Дмитриевич
|4 340
|
| 702 |
|
1 |
|a Басов
|b Н. Г.
|4 651
|
| 712 |
0 |
2 |
|a Академия наук СССР (АН СССР)
|b Физический институт им. П. Н. Лебедева (ФИАН)
|c (Москва)
|2 stltpush
|3 (RuTPU)RU\TPU\col\13766
|
| 801 |
|
0 |
|a RU
|b RuMRKP
|c 19950704
|g psbo
|
| 801 |
|
1 |
|a RU
|b 63413507
|c 20150227
|
| 801 |
|
2 |
|a RU
|b 63413507
|c 20190118
|g RCR
|
| 942 |
|
|
|c BK
|